000 00670nam a22002537a 4500
003 UA-OsUOA
001 22485
007 ta
008 20031221b un ||||| |||| 00| 0 ukr d
100 _aОвсянников М.Ф.
090 _a18(091)
_bО-34
942 _cBK
040 _aUA-OsUOA
_brus
_cUA-OsUOA
_dUA-OsUOA
245 _aИстория эстетической мысли
_bУчебное пособие
300 _a336 с.
955 _a0
041 _arus
080 _a18(091)
260 _aМосква
_bВысшая школа
_c1984
044 _aRU
250 _n2-е изд. доп. и перераб.
650 7 _2UDC
999 _c308705
_d308705